100 Biggest Cities in South Korea - Statistics

General Stats
  • This quiz has been taken 837 times
  • The average score is 22 of 100
Answer Stats
Rank Population City % Correct
1 9,794,000 Seoul
100%
2 3,415,000 Busan
96%
3 2,663,000 Incheon
85%
4 2,446,000 Daegu
83%
6 1,469,000 Gwangju
66%
44 229,000 Gwangju
66%
7 1,083,000 Ulsan
66%
5 1,502,000 Daejeon
64%
8 1,072,000 Suwon
54%
14 729,000 Ansan
43%
16 650,000 Jeonju
42%
9 1,058,000 Changwon
41%
20 511,000 Pohang
40%
17 602,000 Anyang
35%
10 950,000 Seongnam
35%
15 667,000 Cheongju
34%
11 905,000 Goyang
34%
42 250,000 Mokpo
34%
12 857,000 Yongin
32%
13 853,000 Bucheon
31%
36 270,000 Yeosu
31%
35 276,000 Chuncheon
30%
31 311,000 Wonju
30%
18 575,000 Cheonan
29%
46 218,000 Gangneung
29%
45 224,000 Gimpo
29%
22 489,000 Hwaseong
29%
21 495,000 Gimhae
28%
40 256,000 Gyeongju
28%
30 328,000 Paju
26%
19 530,000 Namyangju
25%
76 81,000 Sokcho
25%
53 166,000 Andong
23%
33 279,000 Asan
23%
32 296,000 Iksan
23%
28 338,000 Jinju
23%
27 389,000 Pyeongtaek
23%
38 261,000 Gunsan
22%
23 417,000 Uijeongbu
22%
47 203,000 Chungju
21%
25 403,000 Gumi
21%
39 259,000 Suncheon
21%
48 195,000 Icheon
20%
51 184,000 Osan
20%
61 131,000 Seogwipo
20%
43 231,000 Geoje
19%
50 186,000 Guri
19%
26 401,000 Jeju City
19%
58 139,000 Hanam
18%
49 188,000 Yangju
18%
41 253,000 Yangsan
18%
74 91,000 Donghae
17%
34 278,000 Gunpo
17%
37 266,000 Gyeongsan
17%
54 157,000 Seosan
17%
52 180,000 Anseong
16%
78 79,000 Naju
16%
24 407,000 Siheung
16%
29 329,000 Gwangmyeong
15%
56 142,000 Dangjin
14%
64 122,000 Gongju
14%
70 98,000 Sangju
14%
62 129,000 Tongyeong
14%
63 128,000 Gimcheon
13%
60 135,000 Jecheon
13%
57 141,000 Pocheon
13%
59 138,000 Gwangyang
12%
65 119,000 Nonsan
12%
69 99,000 Miryang
11%
77 79,000 Namwon
11%
80 67,000 Samcheok
11%
55 145,000 Uiwang
11%
71 98,000 Boryeong
10%
73 92,000 Dongducheon
10%
92 49,000 T'aebaek
10%
67 109,000 Yeongju
10%
75 83,000 Gimje
9%
79 69,000 Mungyeong
9%
68 108,000 Sacheon
9%
66 110,000 Jeongeup
8%
90 55,000 Gapyeong
7%
91 53,000 Sinan
7%
72 95,000 Yeongcheon
6%
86 60,000 Hwasun
5%
100 39,000 Yesan
4%
88 57,000 Okcheon
2%
85 61,000 Chinch'on
1%
89 56,000 Eisen
1%
98 41,000 Enjitsu
1%
96 43,000 Gijang
1%
99 40,000 Hayang
1%
95 43,000 Munsan
1%
82 63,000 Pubal
1%
97 42,000 Santyoku
1%
84 62,000 Taisen-ri
1%
81 65,000 Hwawon
0%
93 45,000 Kimje
0%
94 44,000 Koesan
0%
83 62,000 Kosong
0%
87 58,000 Nangen
0%
No matching quizzes found
Score Distribution
Percent of People with Each Score
Percentile by Number Answered
Your Score History
You have not taken this quiz